Akademická pôda verzus hospodárska prax - redefinícia stakeholdrov univerzít
Stakeholdri a redefinícia stakeholdrov univerzít. Požiadavky praxe na spôsobilosti absolventov univerzít. Potreba zintenzívnenia spolupráce univerzít a subjektov hospodárskej praxe.
Salvato in:
| Autore principale: | |
|---|---|
| Natura: | Capitolo di libro |
| Lingua: | slovacco |
| Soggetti: | |
| Tags: |
Nessun Tag, puoi essere il primo ad aggiungerne!!
|
MARC
| LEADER | 00000naa$a2200000$$$4500 | ||
|---|---|---|---|
| 001 | 0168490 | ||
| 005 | 20221020084623.3 | ||
| 041 | 0 | |a slo | |
| 044 | |a SK | ||
| 245 | 1 | 0 | |a Akademická pôda verzus hospodárska prax - redefinícia stakeholdrov univerzít |c Martina Ferencová |
| 520 | |a Stakeholdri a redefinícia stakeholdrov univerzít. Požiadavky praxe na spôsobilosti absolventov univerzít. Potreba zintenzívnenia spolupráce univerzít a subjektov hospodárskej praxe. | ||
| 610 | 2 | 0 | |a univerzity |
| 610 | 2 | 0 | |a absolventi |
| 610 | 2 | 0 | |a spôsobilosť k práci |
| 610 | 2 | 0 | |a stakeholder |
| 610 | 2 | 0 | |a manažéri |
| 610 | 2 | 0 | |a osobnosť |
| 610 | 2 | 0 | |a schopnosti pracovné |
| 100 | 1 | |a Ferencová, Martina | |